TOP 10 des effectifs les plus chers - Statistiques

Statistiques générales
  • Ce quiz a été pris 952 fois
  • Le résultat moyen est 9 sur 10
Statistiques - réponses
Valeurs Équipes % Correct
1080 M Manchester City
98%
746 M Real Madrid
98%
659 M FC Barcelone
96%
919 M Manchester United
95%
891 M Chelsea
92%
866 M Liverpool
91%
927 M Paris Saint-Germain
90%
840 M Bayern Munich
88%
745 M Atletico Madrid
73%
697 M Tottenham
66%
Aucun quiz correspondant
Distribution des résultats
% des personnes avec chaque résultat
Percentile par nombre de réponses
Votre historique - résultats
Vous n’avez pas pris ce quiz